|
|
|
|
| LEADER |
02716nam a2200481 i 4500 |
| 001 |
nkc20233551534 |
| 003 |
CZ PrNK |
| 005 |
20231128121301.0 |
| 007 |
ta |
| 008 |
231005s2023 xr a g 6 000 1 cze |
| 015 |
|
|
|a cnb003551534
|
| 020 |
|
|
|a 978-80-7679-426-9
|q (vázáno)
|
| 035 |
|
|
|a (OCoLC)1412784262
|
| 040 |
|
|
|a ABG001
|b cze
|e rda
|
| 041 |
1 |
|
|a cze
|h eng
|
| 072 |
|
7 |
|a 741.52
|x Komiksy. Komiksové adaptace
|2 Konspekt
|9 21
|
| 080 |
|
|
|a 741.52(0:82-322.9)
|2 MRF
|
| 080 |
|
|
|a 741.52(0:82-322.4)
|2 MRF
|
| 100 |
1 |
|
|a Williamson, Joshua
|7 xx0200025
|4 aut
|
| 240 |
1 |
0 |
|a Rogues.
|l Česky
|
| 245 |
1 |
0 |
|a Ranaři /
|c Joshua Williamson scénář ; Leomacs kresba ; Michael Talián překlad
|
| 250 |
|
|
|a První vydání
|
| 264 |
|
1 |
|a [Praha] :
|b Crew,
|c 2023
|
| 300 |
|
|
|a 232 nečíslovaných stran :
|b barevné ilustrace ;
|c 29 cm
|
| 336 |
|
|
|a text
|b txt
|2 rdacontent
|
| 336 |
|
|
|a statický obraz
|b sti
|2 rdacontent
|
| 337 |
|
|
|a bez média
|b n
|2 rdamedia
|
| 338 |
|
|
|a svazek
|b nc
|2 rdacarrier
|
| 500 |
|
|
|a Přeloženo z angličtiny
|
| 500 |
|
|
|a Obsahuje sešity Ranaři 1-4
|
| 520 |
2 |
|
|a Superpadoušská skupina z komiksového světa DC a Flashe rozjíždí novou kriminální zápletku.
|b Ranaři se před deseti lety rozpadli a každý z nich si šel svou vlastní cestou. Čas tyto bývalé dělníky zločinu nijak nešetřil, a proto se stále točí v nekonečném kruhu vězení, léčeben, zaměstnání bez možnosti kariérního růstu, nefunkčních vztahů, propuštění na podmínku a nikdy nekončících poplatků jakožto náhrad škod... Ranaři mají dojem, že už za své zločiny zaplatili víc než dost. A v této fázi přichází Captain Cold s plánem. Stačí jeden džob, aby všichni zbohatli víc, než se jim kdy snilo, a osvobodili se tak od minulosti... pokud tuhle akci ovšem přežijí. Ranaři mají v úmyslu uloupit největší zásobu bezprizorního, údajně nevystopovatelného zlata na světě. Aby však tuto loupež mohli provést, musí zamířit do samého srdce Gorilla City a okrást zde Gorilla Grodda, superpadoucha, z něhož se stal bezohledný šéf největšího zločineckého syndikátu na Zemi. Nakladatelská anotace.
|
| 655 |
|
7 |
|a superhrdinské komiksy
|7 fd1057488
|2 czenas
|
| 655 |
|
7 |
|a kriminální komiksy
|7 fd1057481
|2 czenas
|
| 655 |
|
9 |
|a superhero comics
|2 eczenas
|
| 655 |
|
9 |
|a crime comics
|2 eczenas
|
| 700 |
0 |
|
|a Leomacs,
|d 1972-
|7 xx0304258
|4 ill
|
| 700 |
1 |
|
|a Talián, Michael,
|d 1974-
|7 xx0110257
|4 trl
|
| 910 |
2 |
|
|a BOA001
|b 4-1515.655
|
| 920 |
|
|
|a 4884753
|z ABG001
|
| 990 |
|
|
|a BK
|
| 995 |
|
|
|a 01
|
| 991 |
|
|
|b 202311
|c NOV
|
| 996 |
6 |
|
|b 2610952573
|c 4-1515.655
|l MZK
|r Sklad / do 1 hodiny
|n 0
|p p.v.
|w 001943423
|u 000010
|a 1
|e BOA001
|j MZK50
|s P
|